Диявольська гра (досьє важливого, але небажаного свідка) (Запис № 17447)

000 -Маркер запису
Контрольне поле сталої довжини 00802nam a22002297a 4500
003 - Належність контрольного номера
Контрольне поле Uzh_bibl
008 - Кодовані дані
Контрольне поле сталої довжини 260422b |||||||| |||| 00| 0 ukr d
020 ## - Індекс ISBN
ISBN 966-7342-21-2
Ціна 10.00
040 ## - Джерело каталогіз.
Код мови каталог. укр.
041 ## - Код мови видання
Код мови оригіналу українська
Код мови тексту українська
080 ## - Індекс УДК
Індекс УДК 94(477)
090 ## - Шифри
Поличний індекс 94 (477)
Авторський знак К 78
100 ## - Автор
Автор Краснощок,Юрій
245 ## - Назва
Назва Диявольська гра (досьє важливого, але небажаного свідка)
Фізичний носій Текст
260 ## - Вихідні дані
Місце видання Київ
Видавництво Видавничий центр"ДрУк"
Дата видання 2003
300 ## - Фізичний опис
Обсяг 528 с.
Тип одиниці В опр.
521 ## - Примітка про цільове призначення
Примітка про цільове призначення Для широкого кола читачів
546 ## - Примітка про мову
Примітка про мову укр.
650 ## - Тематичні рубрики
Основна рубрика Літературно-художне видання
655 ## - Термін індексування — жанр/форма
Типове ділення документальний детектив
942 ## - ADDED ENTRY ELEMENTS (KOHA)
Джерело класифікації чи схема поличного розташування
Koha item type Книги
Фонди
Статус вилучення Статус втрати/відсутності Джерело класифікації чи схема поличного розташування Статус пошкодження Тип обігу (не для випозичання) Постійне розташування Поточне розташування Розташування у відділі Дата надходження Інвентарний номер Total Checkouts Повний (примірниковий) шифр зберігання Штрих-код Date last seen Дата, для якої чинна ціна заміни Тип одиниці (рівень примірника)
          Публічна бібліотека Публічна бібліотека Абонемент 22/04/2026 52690   94(477) 19330 22/04/2026 22/04/2026 Книги

Працює на АБІС Коха